| 000 | 01237nam a2200313 a 4500 | ||
|---|---|---|---|
| 001 | 40836 | ||
| 003 | BD-RJUL | ||
| 005 | 20211209053302.0 | ||
| 008 | 160510s1954 enk b 000 0 eng | ||
| 035 | _aBD-RJUL 40951 | ||
| 040 |
_aDLC _cITD _dm.c _dBD-RJUL _beng |
||
| 041 | _aeng | ||
| 082 |
_223 _a320.01 _bDAM 1954 |
||
| 100 | 0 |
_aDante Alighieri, _d1265-1321. _9125658 |
|
| 245 | 1 | 0 |
_aMonarchy and Three political letters / _cwith an introduction by Donald Nicholl ... and a note on the chronology of Dante's political works by Colin Hardie |
| 260 |
_aLondon : _bWeidenfeld & Nicolson, _c1954 |
||
| 300 |
_axxi, 121 p. ; _c19 cm. |
||
| 500 | _aMonarchy, translated by D. Nicholl ; Three political letters, translated by C. Hardie | ||
| 504 | _aBibliography: p. [xx]-xxi | ||
| 650 | 0 |
_aChurch and state _zItaly. _9125659 |
|
| 650 | 0 |
_aPolitical science _zItaly _vEarly works to 1800. _9125660 |
|
| 651 | 0 |
_aItaly _xPolitics and government _y1268-1559. _9125661 |
|
| 700 | 1 |
_aNicholl, Donald, _d1923- _9125662 |
|
| 700 | 1 |
_aHardie, Colin, _d1906- _9125663 |
|
| 700 | 0 |
_aDante Alighieri, _d1265-1321. _tCorrespondence. _kSelections. _lEnglish. _9125664 |
|
| 830 | 0 |
_aLibrary of ideas _9125762 |
|
| 942 |
_2ddc _cBK |
||
| 999 |
_c40836 _d40836 |
||